000 00843nas a2200265 4500
001 BR2013002951
003 BR-BrBNA
005 20231205122210.0
007 ta
008 230509b bl.|||p| |||| 00| 00por d
040 _aBR-BrBNA
_bpor
_cBiblioteca Nacional de Agricultura
041 _a(En)
072 _aM40
100 1 _aFrança, R.C.S.
100 1 _aLopes, M.R.M.
100 1 _aFerragut, C.
245 1 _aStructural and successional variability of periphytic algal community in a Amazonian lake during the dry and rainy season (Rio Branco, Acre)
650 _aALGA
650 _aECOLOGIA AQUÁTICA
650 _aPERIFÍTON
650 _aAMOSTRAGEM
773 0 _tActa Amazônica (Brazil)
_xISSN 0044-5967
_g(Jun 2011), v. 41(2) p. 257-266
_wBR2013002951
909 _a202311
_bLúcia
_c55
_dLúcia Elande
942 _2AGRIS
_n0
_cANA
999 _c227421
_d227421